000
00229 a2200097 4500
001
17672
100
_a
Rhines F N
245
_a
Metallurgy & Metallurgical Engineering series
260
_a
_b
McGraw-Hill
_c
090
_c
13056
_d
13056
942
_a
NUST-CAE
_c
M
_c
3399
999
_c
252745
_d
252745